Normal view
MARC view
- Trogonometry
Entry Topical Term
001 - CONTROL NUMBER
- control field: 103492
003 - CONTROL NUMBER IDENTIFIER
- control field: NUST
005 - DATE AND TIME OF LATEST TRANSACTION
- control field: 20221124130040.0
008 - FIXED-LENGTH DATA ELEMENTS
- fixed length control field: 221124|| aca||aabn | a|a d
040 ## - CATALOGING SOURCE
- Original cataloging agency: NUST
- Transcribing agency: NUST
150 ## - HEADING--TOPICAL TERM
- Topical term or geographic name entry element: Trogonometry
670 ## - SOURCE DATA FOUND
- Source citation: Work cat.: (NUST)180978: Horner, R Donal 103491, Trogonometry, 1968.
